00366nam a2200121Ia 4500100003400000942000700034654001300041245003100054260003200085546001200117999001700129952009800146 aMachinery yellow back series  cBK aFixtures aAir Chucks & Fixtures No.2 bMachinery Publicationc2001 aENGLISH c27518d27518 001040708AFTaCRCEbCRCEd2023-03-17g6.30l0o pAFT487r2023-03-17v6.30w2023-03-17yBK